| 000 | 00348nam a22001457a 4500 | ||
|---|---|---|---|
| 020 | _a0-439-97343-0 | ||
| 082 |
_a823 _bBUR/F |
||
| 100 | _aBURNARD, JAMON | ||
| 245 |
_aFRANKLY FRANK _bAND THE UNI DENTIFIED FLYING BLOB |
||
| 260 |
_aNEW DELHI _bSCHOLASTIC LTD _c2004 |
||
| 300 | _a94 | ||
| 520 | _aSHORT STORY | ||
| 650 | _aSHORT STORY | ||
| 942 | _cBK | ||
| 999 |
_c5772 _d5772 |
||